ポケモンの個性 - Statistics

General Stats
  • This quiz has been taken 25 times
  • The average score is 12 of 30
Answer Stats
最高個体値 ÷5あまり 個性 % Correct
HP 1 昼寝をよくする
67%
攻撃 4 血の気が多い
61%
素早さ 1 物音に敏感
61%
防御 0 体が丈夫
50%
防御 1 打たれ強い
50%
特攻 1 イタズラが好き
50%
素早さ 4 逃げるのがはやい
50%
HP 0 食べるのが大好き
44%
攻撃 1 暴れることが好き
44%
防御 4 我慢強い
44%
特攻 2 抜け目がない
44%
素早さ 0 駆けっこが好き
44%
攻撃 0 力が自慢
39%
特防 0 気が強い
39%
特防 2 負けん気が強い
39%
HP 2 居眠りが多い
33%
HP 4 のんびりするのが好き
33%
攻撃 3 ケンカをするのが好き
33%
防御 3 辛抱強い
33%
特攻 0 好奇心がつよい
33%
特攻 4 とてもきちょうめん
33%
特防 3 負けず嫌い
33%
攻撃 2 ちょっと怒りっぽい
28%
防御 2 粘り強い
28%
特攻 3 考え事が多い
28%
特防 1 ちょっぴりみえっぱり
28%
素早さ 2 おっちょこちょい
28%
素早さ 3 すこしお調子者
28%
HP 3 物をよく散らかす
22%
特防 4 ちょっぴり強情
22%
No matching quizzes found
Score Distribution
Percent of People with Each Score
Percentile by Number Answered
Your Score History
You have not taken this quiz